| 000 | 00798nam a2200205 i 4500 | ||
|---|---|---|---|
| 001 | 40594 | ||
| 003 | ES-MaACL | ||
| 005 | 20250820063029.0 | ||
| 007 | t| | ||
| 008 | 030306s1880 sp ||||1| spa d | ||
| 100 | 0 |
_aCarreras y Lastortras, Luis, _d1840-1888 _935690 |
|
| 245 | 1 | 3 |
_aEl Rey de los carlistas _b: revelaciones del General Boet sobre la guerra civil y la emigración / _ccartas escritas al Diluvio de Barcelona por Luis Carreras y Lastortras. |
| 260 |
_aBarcelona : _bGaspar y Homdedeu, _c1880. |
||
| 300 |
_a2 t. en 1 v. ; _c18 cm. |
||
| 600 | 1 | 4 |
_aBorbón y Austria-Este, Carlos de, _cDuque de Madrid, _d1848-1909 _9153058 |
| 600 | 1 | 4 |
_aGonzález Boet, Carlos. _9153057 |
| 610 | 2 | 4 |
_aOrden del Toisón de Oro. _96043 |
| 852 |
_aES-MaACL _jG-10917 |
||
| 999 |
_c40594 _d40594 |
||